LIBRARY & INFORMATION CENTRE, KCAET, TAVANUR

ONLINE PUBLIC ACCESS CATALOGUE (OPAC)

Credit unions: basic corparations (Record no. 11155)

MARC details
000 -LEADER
fixed length control field 00405cam a2200157ua 4500
041 ## - LANGUAGE CODE
Language code of text/sound track or separate title eng
082 ## - DEWEY DECIMAL CLASSIFICATION NUMBER
Classification number 334.01
Item number Voo/CR
100 ## - MAIN ENTRY--AUTHOR NAME
Personal name Voorhis, Jerry .
245 ## - TITLE STATEMENT
Title Credit unions: basic corparations
260 ## - PUBLICATION, DISTRIBUTION, ETC. (IMPRINT)
Place of publication :
Name of publisher Corparative league of the USA ,
Year of publication 1949.
300 ## - PHYSICAL DESCRIPTION
Number of Pages 48 ; .
650 ## - SUBJECT ADDED ENTRY--TOPICAL TERM
Topical Term glance/need/co operations/Braden herizens/legues
942 ## - ADDED ENTRY ELEMENTS (KOHA)
Koha item type Books
Holdings
Withdrawn status Lost status Damaged status Home library Current library Date acquired Full call number Accession Number Koha item type
Withdrawn     KAUAET Sanskrit University 07/04/2012 334.01 737 Books
free website counter